1569 1619 1705 1547 1313 1481 1479 1736 1159 1161 1815 1430 1367 1021 1096 1400 1178 1436 1081 1993 1368 1633 1508 1617 1573 1874 1423 1279 1663 1176 1253 1424 1597 1314 1844 1073 1780 1058 1073 1955 1453 1033 1131 1667 1613 1553 1421 1297 1839 1695 1919 1894 1474 1986 1628 1193 1768 1958 1540 1693 1468 1018 1223 1907 1929 1743 1370 1546 1588 1391 1471 1296 1813 1136 1878 1505 1074 1235 1841 1358 1745 1616 1738 1959 1693 1541 1935 1401 1090 1099 1366 1315 1128 1738 1693 1738 1196 1552 1515 BCNSPRNW ULIB Ver.6.0+V

เปลี่ยนเป็นภาษาไทย

Change to English
 แสดงรายละเอียดบรรณานุกรม
  กลับหน้าหลัก

Brief Record : Get Marc (ISO 2709) : E-mail record : QR code < ปิดหน้าต่าง
LEADER : 00000nam 2200000uu 4500
001    13399122242
003     ULIB
008    130116s||||||||th 000 0 tha d
020    ^a9786162340123
060  4 ^aQY450^bล514ค
100 0  ^aลีลาวดี แก้วรังสี
245 10 ^aคู่มือตรวจเช็กร่างกายจากผลเลือด อุจจาระ ปัสสาวะ /^cลีลาวดี แก้วรังสี
250    ^aพิมพ์ครั้งที่ 1
260    ^aกรุงเทพฯ :^bFeel Good,^c2554
300    ^a207 หน้า
650  7 ^aเลือด^xการตรวจ
650  7 ^aปัสสาวะ^xการตรวจ
650  7 ^aการตรวจร่างกาย
945    ^p155^l0^i19730
945    ^p155^l0^i19731
945    ^p155^l0^i19941
995    ^aกัณชพร
999    ^aใช้งานได้ทุกระบบ
รายการนี้ยังไม่มีแท็ก
คุณยังไม่ได้ล็อกอิน คุณสามารถมีกิจกรรมร่วมกับเว็บไซต์ได้ แต่ต้องล็อกอินก่อน ::
  ล็อกอิน

รายการสื่อสารสนเทศ

ลำดับที่ ประเภท เลขเรียก/บาร์โค้ด สถานที่ สถานะ
1. วิทยาศาสตร์การแพทย์ และสุขภาพ
วิทยาศาสตร์การแพทย์ และสุขภาพ
สถานะ=หนังสือเก่า
QY450 ล514ค  
  Barcode: 19730
ห้องสมุดวิทยาเขตนครสวรรค์
►ส่วนจัดเก็บหนังสือเก่า นว.
บนชั้น
  ขอยืม
2. วิทยาศาสตร์การแพทย์ และสุขภาพ
วิทยาศาสตร์การแพทย์ และสุขภาพ
สถานะ=หนังสือเก่า
QY450 ล514ค ฉ.2 
  Barcode: 19731
ห้องสมุดวิทยาเขตนครสวรรค์
►ส่วนจัดเก็บหนังสือเก่า นว.
บนชั้น
  ขอยืม
3. วิทยาศาสตร์การแพทย์ และสุขภาพ
วิทยาศาสตร์การแพทย์ และสุขภาพ
สถานะ=หนังสือเก่า
QY450 ล514ค ฉ.3 
  Barcode: 19941
ห้องสมุดวิทยาเขตนครสวรรค์
►ส่วนจัดเก็บหนังสือเก่า นว.
บนชั้น
  ขอยืม

รายการใกล้เคียง
    ผู้แต่ง [ลีลาวดี แก้วรังสี]

    หัวเรื่อง [การตรวจร่างกาย]

BibComment


ยังไม่เคยถูกคอมเมนท์

คอมเมนท์ทรัพยากรรายการนี้
  คอมเมนท์: คู่มือตรวจเช็กร่..


 Copyright 2026. Bcnsprnw @Library